| 000 | 007160000a22002170004500 | ||
|---|---|---|---|
| 020 | _a1-58802-400-8 | ||
| 082 | 0 | 4 | _aG 220.61 R5141g |
| 100 | 1 | _aRichards, Lawrence O. | |
| 245 | 1 | 0 | _aGuía del lector de la Biblia : un análisis de Génesis a Apocalipsis capítulo por capítulo / Lawrence O. Richards |
| 260 | _aMiami, Florida : Patmos | ||
| 300 | _a933 p. | ||
| 440 | 0 | _aCol. Biblioteca del educador cristiano | |
| 500 | _aTitulo original: Biblie Reader´s companion | ||
| 501 | _apasta dura | ||
| 650 | 1 | 4 | _aBIBLIA - INTRODUCCIONES \ EDUCACION CRISTIANA |
| 001 | 18350 | ||
| 942 | _cBK | ||
| 999 |
_c44798 _d44798 |
||
| 336 |
_atexto _btxt _2rdacontent |
||
| 337 |
_2rdamedia _asin mediación _bn |
||
| 338 |
_2rdacarrier _avolumen _bnc |
||